000 00798nam a2200241 a 4500
001 000044387
003 DO-SdBNP
005 20180327144526.0
007 000044387
008 140626s2006 dr a 000 0 spa d
020 _a9945859811
040 _aBPMSU
_bspa
_cBPMSU
092 _axxxx
_bxxxx
100 1 _aGuerrero, Celio,
_d1951-
245 1 0 _aAna y Emilio :
_ben rescate de pluma negra y de la tierra /
_cCelio Guerrero.
260 _aSanto Domingo :
_bGuerrero & Vásquez ; diseño e ilustración Jaime Meléndez,
_c2006.
300 _a57 p. :
_bil. ;
_c28 cm.
500 _aIncluye datos biográficos del autor en la contracubierta
700 1 2 _aMeléndez, Jaime
_eil.
942 _2ddc
_cBK
945 _aRemanejado para la BNPHU / 2018 VM
956 _aVMATEO
_b10
_c20140626
_lBPMSU
_h0069
999 _c7293
_d7293